| 000 | 01214nam0a2200337 4500 | ||
|---|---|---|---|
| 001 | RU\NLR\bibl\1387268 | ||
| 005 | 20260409080612.0 | ||
| 021 |
_aRU _b2009-34247 _92062 |
||
| 035 | _a(NLR Aleph) 001379328 | ||
| 090 |
_a1091895 _c1091895 |
||
| 100 | _a20090416d2008 |||y0rusy50 ca | ||
| 101 | 0 | _arus | |
| 102 | _aRU | ||
| 105 | _ay ||||||||| | ||
| 200 | 1 |
_aТолкование Евангелия _fБ. И. Гладков |
|
| 210 |
_a[Сергиев Посад] _cСвято-Троицкая Сергиева Лавра _d2008 |
||
| 215 |
_a845, [1] с. _d26 |
||
| 300 | _aКн. подгот. на основе издания 1913 г. | ||
| 500 |
_aБиблия _iН.З. _iЕвангелие _3RU\NLR\auth\553145 _92631082 |
||
| 605 |
_aБиблия _iНовый Завет _iЕвангелие _xТолкование _92079113 _3RU\NLR\auth\661254985 |
||
| 686 | _aЭ37-220.911 | ||
| 700 | 1 |
_aГладков _bБ. И. _f1847- _gБорис Ильич _4070 |
|
| 801 | 0 |
_aRU _bРГБ _c20090416 _grcr |
|
| 801 | 1 |
_aRU _bРГБ _c20090416 |
|
| 801 | 2 |
_aRU _bNLR _c20090626 _grcr |
|
| 830 | _aавт. по ЭК | ||
| 942 | _cBOOK | ||
| 980 | _aNB | ||